(Assorted photographs and ephemera from Clifford Dann's year as RICS President from 1983-84) (Record no. 121145)
[ view plain ]
| 000 -LEADER | |
|---|---|
| fixed length control field | 00882nam a22002177a 4500 |
| 001 - CONTROL NUMBER | |
| control field | K121145 |
| 008 - FIXED-LENGTH DATA ELEMENTS--GENERAL INFORMATION | |
| fixed length control field | 160218b1983 xxu||||| |||| 00| 0 eng d |
| 041 ## - LANGUAGE CODE | |
| Language code of text/sound track or separate title | eng |
| 245 ## - TITLE STATEMENT | |
| Title | (Assorted photographs and ephemera from Clifford Dann's year as RICS President from 1983-84) |
| 260 ## - PUBLICATION INFORMATION | |
| Date | 1983-84 |
| 300 ## - PHYSICAL DESCRIPTION | |
| Physical description | Archive box |
| 520 ## - ABSTRACT | |
| Abstract | Collection of photographs and ephemera from Clifford Dann OBE's year as RICS president from 1983-84. Includes pictures of dinners, event and foreign travel. The collection was donated by his widow Patricia Dann. |
| 520 ## - ABSTRACT | |
| Abstract | Please ask [email protected] if you would like to view this collection |
| 650 ## - KEYWORDS | |
| Keywords | RICS HISTORY |
| 650 ## - KEYWORDS | |
| Keywords | CLIFFORD DANN |
| 650 ## - KEYWORDS | |
| Keywords | RICS PRESIDENT |
| 651 ## - SUBJECT ADDED ENTRY--GEOGRAPHIC NAME | |
| Geographic name | United Kingdom 1973 |
| 690 ## - BROAD SUBJECT | |
| 9 (RLIN) | 6277 |
| Broad subject | RICS |
| 856 ## - ONLINE RESOURCE | |
| Public note | please ask if you would like to view this collection |
| Uniform Resource Identifier | <a href="https://">https://</a> |
| 942 ## - ADDED ENTRY ELEMENTS (KOHA) | |
| Suppress in OPAC | Suppress in OPAC |
| Lost status | Damaged status | Not for loan | Home library | Current library | Shelving location | Date acquired | Total Checkouts | Date last seen | Price effective from | Koha item type |
|---|---|---|---|---|---|---|---|---|---|---|
| Archives | Archives | Historic collection | 23/10/2019 | 23/10/2019 | 23/10/2019 | Archive |